00573nam a2200121Ia 4500008004100000100002900041245007100070245016000141260000900301300002900310440004500339650006700384171207s9999 xx 000 0 und d aSantos, Ismayle de Sousa aTest case design for context-aware applications: Are we there yet? cIsmayle de Sousa Santos, Rossana Maria de Castro Andrade, Lincoln Souza Rocha, Santiago Matalonga, Káthia Marçal de Oliveira, Guilherme Horta Travassos c2017 apages 42751, August 2017 aInformation and Software Technologyv88: aContext aware application; Systematic review; Software testing